000 00666cam a22002175a 4500
001 L145305
008 080925s2008 xxk f 000 0 eng d
020 _a9781847035813
035 _a(Sirsi) u145305
041 0 _aeng
050 0 4 _a346.41032 $2 18
100 1 _aWalton, Christopher
245 0 0 _aCharlesworth and Percy on Negligence
_bsecond supplement to the Eleventh Edition
260 _aLondon
_bSweet and Maxwell
_c2008
300 _axxiii, 94p.
_c24cm.
350 _a65
651 4 _aEngland and Wales
_y1543-
690 _aMANAGEMENT-BUSINESS MANAGEMENT-PROFESSIONAL PRACTICE-NEGLIGENCE
700 1 _aPercy, Rodney
_eConsultant Editor
942 _n0
999 _c108747
_d108747